12 αφηγήσεις ιστορικής γεωγραφίας
Αποθηκεύτηκε σε:
| Κύριος συγγραφέας: | |
|---|---|
| Μορφή: | Βιβλίο |
| Γλώσσα: | Greek |
| Δημοσίευση: |
Αθήνα :
Σταμούλης,
2015.
|
| Θέματα: | |
| Ετικέτες: |
Προσθήκη ετικέτας
Δεν υπάρχουν, Καταχωρήστε ετικέτα πρώτοι!
|
MARC
| LEADER | 00000nam a2200000 a 4500 | ||
|---|---|---|---|
| 001 | 1/109699 | ||
| 008 | 160122s2015####gr ||||||| |||||||gre|| | ||
| 020 | |a 9789603519799 | ||
| 040 | |a GR-MyUa |b gre |c GR-MyUa |e AACR2 | ||
| 041 | 0 | |a gre | |
| 082 | 7 | |a 304.23 |2 (23) | |
| 100 | 1 | |a Σιδηρόπουλος, Γεώργιος. | |
| 245 | 1 | 0 | |a 12 αφηγήσεις ιστορικής γεωγραφίας / |c Σιδηρόπουλος Γεώργιος. |
| 260 | |a Αθήνα : |b Σταμούλης, |c 2015. | ||
| 300 | |a 347 σ. : |b εικ. ; |c 24 εκ. | ||
| 650 | 0 | |a Human geography |z Greece. | |
| 650 | 0 | |a Demography |z Greece. | |
| 852 | |a INST |b LESVOS |c EUDOXUS |e 20160122 |h 304.23 ΣΙΔ |p 005100057743 |q 005100057743 |t EDX |y 0 | ||
| 852 | |a INST |b LESVOS |c EUDOXUS |e 20170201 |h 304.23 ΣΙΔ |p 005100058671 |q 005100058671 |t EDX |y 0 | ||
| 852 | |a INST |b RHODES |c EUDOXUS |e 20180518 |h 304.23 ΣΙΔ |p 005400040066 |q 005400040066 |t EDX |y 0 | ||
| 920 | |a Εύδοξος |b Επιστροφή |y Ρόδος |z 2018-05 | ||
| 920 | |a Εύδοξος |b Παραγγελία |y Λέσβος-ΤΓ |z 2016-01 | ||
| 920 | |a Εύδοξος |b Παραγγελία |y Λέσβος-ΤΓ |z 2016-12 | ||
| 970 | |a Τζαφέρη |b Ευαγγελία |z 22-01-2016 | ||